01556 a2200253 450000100040000000500170000400800410002100300150006204000400007708000730011724500520019002000220024225000110026426400340027530000180030950506960032704100080102310000240103170000170105570000290107270000320110170000350113385601340116813720260407155413.0260407a2000 arg spa dAR-UNSa-BCEJYS aAR-UNSa-BCEJYSbspacAR-UNSa-BCEJYS a658.3xPersonal. Relaciones humanas en la empresa (Recursos Humanos)10aAdministración de personal y recursos humanos a978-970-10-2892-6 a5a. ed 1aMéxico :bMcGraw-Hillc2000 a582 p.c25 cm a1. Elementos esenciales de los recursos humanos - 2. Desafíos del entorno - 3. Desafíos internacionales - 4. Análisis y diseño de puestos - 5. Planeación de los recursos humanos - 6. Reclutamiento - 7. Selección de personal - 8. Orientación, ubicación y separación - 9. Capacitación y desarrollo - 10. Planeación de la carrera profesional - 11. Evaluación de desempeño - 12.Sueldos y salarios - 13. Incentivos y participación de las utilidades - 14. Prestaciones y servicios al personal - 15. Aspectos de seguridad y salud - 16. Desafíos de la relación con el personal - 17. Relaciones de la empresa con el sindicato - 18. Evaluación y perspectivas a futuro aspa1 aWerther, William B.1 aDavis, Keith1 aMejía Gomez, Joaquín1 aSánchez Bedolla, Graciela1 aHuerta Sobrino, Maria Cristina41uhttps://biblioeco.unsa.edu.ar/pmb/images/libros/Administracion de Personal y Recursos Humanos.jpgyImagen de portadaqimage/jpeg